LIBRARY & INFORMATION CENTRE, KCAET, TAVANUR

ONLINE PUBLIC ACCESS CATALOGUE (OPAC)

Basic Civil Engineering (Record no. 14364)

MARC details
000 -LEADER
fixed length control field 00347nam a22001457a 4500
020 ## - INTERNATIONAL STANDARD BOOK NUMBER
ISBN 8170084032
082 ## - DEWEY DECIMAL CLASSIFICATION NUMBER
Classification number 624
Item number PUN/BA
100 ## - MAIN ENTRY--AUTHOR NAME
Personal name Punmia,B.C
100 ## - MAIN ENTRY--AUTHOR NAME
Personal name Jain,Ashok.K
100 ## - MAIN ENTRY--AUTHOR NAME
Personal name Jain,Arun.K
245 ## - TITLE STATEMENT
Title Basic Civil Engineering
260 ## - PUBLICATION, DISTRIBUTION, ETC. (IMPRINT)
Place of publication Cochin
Name of publisher Laxmi Publications (P) Ltd
Year of publication 2012
300 ## - PHYSICAL DESCRIPTION
Number of Pages 446
942 ## - ADDED ENTRY ELEMENTS (KOHA)
Koha item type Books

No items available.

free website counter